000 00925cam a2200265 4500
001 14609
003 BD-RjUL
005 20211208235647.0
008 140206s1973 ne a b 101 0 eng
035 _a(BD-RjUL)14662
040 _aDLC
_cDLC
_dDLC
_dBD-RjUL
_beng
041 _aeng
082 0 0 _a660.62
_bGEN 1973
245 1 0 _aGenetics of industrial microorganisms/
_cEdited by Zdenko Vaněk, Zdeněk Hošťálek [and] Josef Cudlín.
_nVolume 2 :
_pActinomycetes and fungi.
260 _aPrague :
_bElsevier Pub. Co.,
_c1973.
300 _a511 p. :
_billus. ;
_c25 cm.
504 _aIncludes bibliographical references and index.
505 0 _aVol. 1--Vol.2---
650 0 _aIndustrial microorganisms
_xGenetics
_xCongresses.
_945543
700 1 _aVaněk, Z.
_q(Zdenko),
_eed.
_945544
700 1 _aHošťálek, Zdeněk,
_eed.
_945545
700 1 _aCudlín, Josef,
_eed.
_945546
942 _2ddc
_cBK
999 _c14609
_d14609